|
|
|
|
| LEADER |
00939nam a2200217 i 4500 |
| 001 |
misc58117 |
| 005 |
20210614125458.0 |
| 008 |
210614s1901 hu o 0|| hun d |
| 040 |
|
|
|a SZTE Miscellanea Repozitórium
|b hun
|
| 041 |
|
|
|a hun
|
| 100 |
1 |
|
|a Gerster Miklós
|
| 245 |
1 |
2 |
|a A kézmívesség jövő alakulása
|h [elektronikus dokumentum] :
|b a kis ipar jövője /
|c Gerster Miklós
|
| 260 |
|
|
|a Magyar Kereskedelmi és Iparkamarák Szakirodalmi Alapja
|b Szeged, Magyarország
|c 1901
|
| 300 |
|
|
|a 194 p.
|c 22 cm
|
| 650 |
|
4 |
|a Bölcsészettudományok
|
| 650 |
|
4 |
|a Történettudomány és régészet
|
| 650 |
|
4 |
|a Történettudomány
|
| 650 |
|
4 |
|a Társadalom és gazdaságtörténet
|
| 695 |
|
|
|a Gazdaságtörténet - Magyarország - 1526-1890, Kézműipar - Magyarország - 19. sz., Ipartestület - Magyarország - története
|
| 700 |
0 |
1 |
|a Szterényi József
|
| 856 |
4 |
0 |
|u http://misc.bibl.u-szeged.hu/58117/1/xb_197974.pdf
|z Dokumentum-elérés
|